000 00973cam a2200205 4500
001 WB4006-01
008 040211n2003 000 0 eng u
035 _a(Sirsi) u125106
245 _aSubsidence claims increase
260 _c2003
490 _aZurich Municipal Press Release
_v 23 December 2003 (2)
520 _aProperties managed by local authorities are at increased risk from subsidence as Zurich Municipal has seen claims more than double in autumn 2003 compared to 2002. Tree roots have been blamed in two-thirds of cases. A period of heavy rain following the long, dry summer and autumn have worsened the risk. http://www.zurich.co.uk/Municipal/SocialHousing/Pu blications/Press+Releases/Local+Authorities+see+su bsidence+problems+double.htm
590 _aWB
590 _aWB
650 _aSUBSIDENCE CLAIMS
650 _aTREE ROOT SUBSIDENCE
650 _aINSURANCE CLAIMS
690 _aBUILDING AND CONSTRUCTION-DEFECTS AND FAILURES
942 _n0
999 _c117013
_d117013